000 00615cam a2200217 4500
001 E09410
008 000000n1999 000 0 eng u
035 _a(Sirsi) u103144
041 _aeng
050 _a333.337
110 _aRichard Ellis St. Quintin
_93738
245 _aProperty investment outlook: Autumn 1999.
260 _aLondon
_bRichard Ellis St. Quintin
_c1999
650 _aRETAIL PROPERTY
650 _aINDUSTRIAL PROPERTY
650 _aECONOMY
650 _aPROPERTY INVESTMENT
650 _aRENTAL GROWTH
690 _aPROPERTY-COMMERCIAL PROPERTY-COMMERCIAL PROPERTY MARKET
942 _n0
999 _c100088
_d100088